[Event "XXXIII Memorial Edoardo Crespi B"]
[Site "Milano ITA"]
[Date "2012.12.09"]
[Round "7"]
[White "Versari, Marino"]
[Black "Corti, Filippo"]
[WhiteElo "1583"]
[BlackElo "1649"]
[Result "1/2-1/2"]
[PlyCount "42"]
[EventDate "2012.12.05"]

1. d4 Nf6 2. c4 g6 3. Nc3 Bg7 4. e4 d6 5. Nf3 O-O 6. Be2 Nbd7 7. O-O e5 8. d5
Nc5 9. Qc2 a5 10. a4 Nfd7 11. Rb1 f5 12. exf5 gxf5 13. Ne1 e4 14. Bf4 Ne5 15.
f3 exf3 16. Nxf3 Nxf3+ 17. Rxf3 Qf6 18. Rbf1 Bd7 19. Bc1 Rae8 20. R3f2 Qg6 21.
Qd1 Qf6 1/2-1/2